| 000 | 00358nam a22001457a 4500 | ||
|---|---|---|---|
| 008 | 251025b |||||||| |||| 00| 0 eng d | ||
| 020 | _a9789395116930 | ||
| 040 | _a04 | ||
| 100 | _aGAUR MADHU | ||
| 245 | _aTEXTBOOK ON THE BHARATIYA NYAYA SANHITA 2023 | ||
| 260 | _aLEXIS NEXIS | ||
| 300 | _a1542 | ||
| 650 | _aBHARATIYA NYAYA SANHITA 2023 | ||
| 942 | _c02 | ||
| 999 |
_c66671 _d66671 |
||